000
00228 a2200097 4500
001
39826
100
_a
Padmanabham S K
245
_a
Physics: A Text Book
260
_a
New Delhi
_b
C B S Publishers
_c
1988
090
_c
24828
_d
24828
942
_a
NUST-CAE
_c
M
_c
16478
999
_c
274899
_d
274899